000 00615cam a2200193 4500
001 D2486
008 090401t1921 xxu||||| |||| 00| 0 eng d
035 _a(Sirsi) u69265
041 _aeng
050 _a336.2
100 _aCliff, A.B.
245 _aImperial taxation: an outline of the tax system of the United Kingdom; with table showing the rates of the several taxes in force on 1st January 1921 with a supplement to October 1922
260 _aLondon
_bEstates Gazette
_c1921
300 _axxxi. 312p
350 _a0
490 _aCollege of Estate Management Series
942 _n0
948 _c04/03/1997
999 _c95177
_d95177